Statistiques concernant Personnages de fiction stylisés en Among Us

Cliquez ici pour prendre le quiz!

Statistiques générales

  • Ce quiz a été pris 1 163 fois
  • Le résultat moyen est 15 sur 16

Statistiques - réponses

Réponse% Correct
Batman
100%
Mario
100%
Mickey Mouse
100%
Spiderman
100%
Minion
99%
Père Noël
99%
Pikachu
99%
Sonic the Hedgehog
99%
Flash
98%
Naruto Uzumaki
98%
Bob l'éponge carrée
95%
Cendrillon
95%
Stitch
94%
Harry Potter
70%
Krokmou
68%
Godzilla
65%

Distribution des résultats

Percentile par nombre de réponses

% des personnes avec chaque résultat

Votre développement - résultats

Vous n’avez pas pris ce quiz